Most Common Female Names beginning with A in the USA - Statistics

General Stats
  • This quiz has been taken 2,437 times
  • The average score is 30 of 82
Answer Stats
Hint Answer % Correct
5 Ann
96%
3 Anna
90%
2 Amy
81%
9 Anne
80%
6 Alice
76%
54 Ava
73%
40 Abigail
72%
7 Ashley
72%
4 Amanda
71%
10 Annie
71%
24 Amelia
67%
17 Ana
66%
8 Andrea
65%
30 Alexandra
64%
32 Angel
64%
14 Alicia
61%
51 Abby
60%
26 Alison
56%
1 Angela
56%
21 Allison
55%
15 Audrey
54%
35 Alexis
51%
12 Amber
51%
64 Annabelle
50%
22 Ada
48%
57 Allie
48%
41 Adele
45%
79 Adrian
45%
34 Alyssa
44%
13 April
42%
31 Angelina
40%
19 Agnes
38%
62 Alana
38%
55 Alexandria
37%
53 Adela
36%
28 Angelica
35%
11 Anita
35%
42 Aurora
33%
39 Adriana
31%
23 Angie
31%
46 Adeline
30%
37 Aimee
29%
33 Antonia
29%
18 Alma
28%
73 Anastasia
27%
16 Annette
27%
29 Adrienne
26%
60 Amie
25%
49 Autumn
24%
38 Addie
23%
50 Aileen
23%
44 Alisa
22%
36 Alisha
22%
20 Arlene
22%
71 Augusta
22%
66 Alissa
21%
76 Aisha
20%
43 Aida
19%
58 Allyson
18%
72 Amalia
18%
27 Antoinette
18%
59 Ashlee
18%
25 Alberta
17%
82 Alyson
17%
47 Angeline
16%
80 Angelique
15%
52 Audra
15%
81 Alba
14%
65 Aline
13%
78 Annmarie
13%
70 Aurelia
13%
63 Alejandra
12%
61 Althea
10%
74 Alfreda
9%
67 Alyce
9%
56 Avis
8%
48 Angelia
7%
45 Alta
6%
69 Arline
6%
77 Angelita
5%
75 Amparo
4%
68 Araceli
4%
No matching quizzes found
Score Distribution
Percent of People with Each Score
Percentile by Number Answered
Your Score History
You have not taken this quiz